000 00196 a2200097 4500
001 1324
100 _aHume, K.J.
245 _aPractical Metrology
260 _a
_bMacdonald
_c
090 _c882
_d882
942 _aNUST-CAE
_cM
_c35622
999 _c236397
_d236397